Pěstouni mají právo na služby : praktický průvodce pro náhradní rodinnou péči / [autorský kolektiv Věduna Bubleová ... et al.] ; [fotografie Jan Voběrek]
Publikace vytvořená v rámci projektu "Pěstouni mají právo na služby", jehož cílem je zvýšení povědomí pěstounů o vlastních právech a poskytovaných sociálních službách v oblasti náhradní rodinné péče (NRP).
Record details
- Physical Description: 241 s. : il. ; 21 cm
- Publisher: Praha : Rozum a Cit, 2007
Search for related items by subject
| Subject: | náhradní rodinná péče > Česko náhradní rodinná péče > Slovensko náhradní rodinná péče > právní aspekty sociální služby > Česko instituce a organizace > Česko |
| Genre: | příručky studie adresáře |
Available copies
- 0 of 1 copy available at Common Catalog SPOK.
Holds
- 0 current holds with 1 total copy.
Show All Copies
| Location | Call Number / Copy Notes | Barcode | Shelving Location | Status | Due Date |
|---|
| LDR | 01953nam a2200469 a 4500 | ||
|---|---|---|---|
| 001 | 9076 | ||
| 003 | CZ-PrJAB | ||
| 005 | 20170522074356.0 | ||
| 007 | ta | ||
| 008 | 160129s2007 xr a e fr 000 0 cze | ||
| 035 | . | ‡a(CZ PrSKC)000855892 | |
| 040 | . | ‡aABG001 ‡bcze ‡dHKA001 | |
| 043 | . | ‡ae-xr--- ‡ae-xo--- | |
| 072 | 7. | ‡a364 ‡xSociální problémy vyžadující podporu a pomoc. Sociální zabezpečení ‡2Konspekt ‡918 | |
| 080 | . | ‡a364-782.4 ‡2MRF | |
| 080 | . | ‡a34 ‡2MRF | |
| 080 | . | ‡a364-7 ‡2MRF | |
| 080 | . | ‡a061 ‡2MRF | |
| 080 | . | ‡a(437.3) ‡2MRF | |
| 080 | . | ‡a(437.6) ‡2MRF | |
| 080 | . | ‡a(035) ‡2MRF | |
| 080 | . | ‡a(048.8) ‡2MRF | |
| 080 | . | ‡a(058.7) ‡2MRF | |
| 100 | 1 | . | ‡aBubleová, Věduna ‡7ola2006323462 ‡4aut |
| 245 | 1 | 0. | ‡aPěstouni mají právo na služby : ‡bpraktický průvodce pro náhradní rodinnou péči / ‡c[autorský kolektiv Věduna Bubleová ... et al.] ; [fotografie Jan Voběrek] |
| 246 | 3 | 0. | ‡aPraktický průvodce pro náhradní rodinnou péči |
| 260 | . | ‡aPraha : ‡bRozum a Cit, ‡c2007 | |
| 300 | . | ‡a241 s. : ‡bil. ; ‡c21 cm | |
| 520 | . | ‡aPublikace vytvořená v rámci projektu "Pěstouni mají právo na služby", jehož cílem je zvýšení povědomí pěstounů o vlastních právech a poskytovaných sociálních službách v oblasti náhradní rodinné péče (NRP). | |
| 650 | 0 | 7. | ‡anáhradní rodinná péče ‡7ph123400 ‡zČesko ‡2czenas |
| 650 | 0 | 7. | ‡anáhradní rodinná péče ‡7ph123400 ‡zSlovensko ‡2czenas |
| 650 | 0 | 7. | ‡anáhradní rodinná péče ‡7ph123400 ‡xprávní aspekty ‡2czenas |
| 650 | 0 | 7. | ‡asociální služby ‡7ph125812 ‡zČesko ‡2czenas |
| 650 | 0 | 7. | ‡ainstituce a organizace ‡7ph114779 ‡zČesko ‡2czenas |
| 655 | 7. | ‡apříručky ‡7fd133209 ‡2czenas | |
| 655 | 7. | ‡astudie ‡7fd133597 ‡2czenas | |
| 655 | 7. | ‡aadresáře ‡7fd131783 ‡2czenas | |
| 700 | 1 | . | ‡aVoběrek, Jan, ‡d1958- ‡7xx0006665 ‡4pht |
| 910 | . | ‡aABG312 | |
| 901 | . | ‡a9076 ‡bUnknown ‡c9076 ‡tbiblio | |